000 00286nam a22001097a 4500
008 160510b xxu||||| |||| 00| 0 eng d
020 _a0030059380
041 _aeng
080 _a543
245 _aAnalytical chemistry:
_cDouglas A.Skoog; Donald M. West; F. James Holler;
942 _2udc
_cBK
999 _c1942
_d1942